[Event "Palmira op-B"]
[Site "Palmira"]
[Date "2022.12.17"]
[Round "6"]
[White "Munoz Ortega, Juan David"]
[Black "Moreno Castillo, Juan Sebastian"]
[Result "1-0"]
[WhiteElo "1275"]
[BlackElo "1512"]
[PlyCount "93"]
[EventDate "2022.12.14"]
[EventType "swiss"]
[EventRounds "8"]
[EventCountry "COL"]
[SourceTitle "CBM 211 Extra"]
[Source "ChessBase"]
[SourceDate "2023.01.31"]
[SourceVersion "1"]
[SourceVersionDate "2023.01.31"]
[SourceQuality "1"]

1. e4 e5 2. Nf3 Nc6 3. Bc4 Bc5 4. d4 exd4 5. Ng5 Ne5 6. Nxf7 Nxf7 7. Bxf7+ Kxf7 8. Qh5+ g6 9. Qd5+ Kg7 10. Qxc5 Qe7 11. Qxd4+ Nf6 12. Nc3 Rf8 13. Bg5 Qf7 14. e5 Re8 15. 0-0-0 c5 16. exf6+ Kg8 17. Qd5 Qxd5 18. Nxd5 Re2 19. Be3 d6 20. Nf4 Rxe3 21. fxe3 g5 22. Nh5 Bg4 23. Rxd6 Bxh5 24. Rf1 Re8 25. Rd7 Rf8 26. Rxb7 a6 27. e4 Rf7 28. Rb8+ Rf8 29. Rxf8+ Kxf8 30. Kd2 Bf7 31. Kd3 Bxa2 32. b3 Kf7 33. Kc3 h5 34. Kb2 Bxb3 35. Kxb3 h4 36. h3 c4+ 37. Kxc4 a5 38. Kb5 a4 39. Kxa4 g4 40. c4 g3 41. c5 Kg6 42. c6 Kh5 43. c7 Kg5 44. c8Q Kh5 45. Qh8+ Kg6 46. Qg7+ Kh5 47. Rf5# 1-0

[Event "COL pre olympic sf2"]
[Site "Palmira"]
[Date "2019.05.31"]
[Round "4"]
[White "Pantoja Pantoja, Danna Nicole"]
[Black "Munoz Ortega, Juan David"]
[Result "1-0"]
[WhiteElo "1433"]
[BlackElo "1287"]
[PlyCount "87"]
[EventDate "2019.05.29"]
[EventType "swiss"]
[EventRounds "10"]
[EventCountry "COL"]
[SourceTitle "CBM 190 Extra"]
[Source "ChessBase"]
[SourceDate "2019.07.15"]
[SourceVersion "1"]
[SourceVersionDate "2019.07.15"]
[SourceQuality "1"]

1. e4 e5 2. Nf3 Nc6 3. Bb5 a6 4. Bxc6 dxc6 5. d4 f6 6. dxe5 Qxd1+ 7. Kxd1 Bg4 8. exf6 Nxf6 9. Nbd2 0-0-0 10. Ke2 Bb4 11. c3 Bc5 12. e5 Rhe8 13. Kf1 Bxf3 14. exf6 gxf6 15. gxf3 Re7 16. Ne4 Red7 17. Nxf6 Rd1+ 18. Kg2 Rxh1 19. Kxh1 Rf8 20. Nxh7 Rxf3 21. Be3 Rf7 22. Bxc5 Rxh7 23. f4 Rf7 24. Be3 Re7 25. Re1 c5 26. Kg2 b6 27. h4 Rg7+ 28. Kh3 Kd8 29. Bd2 Rd7 30. Bc1 Rd3+ 31. Kg4 Rd7 32. h5 Rg7+ 33. Kh4 Rg2 34. h6 Rh2+ 35. Kg5 Rg2+ 36. Kf6 Rh2 37. f5 Rg2 38. Kf7 Rf2 39. f6 Kd7 40. Re7+ Kc6 41. h7 Rh2 42. Kf8 Rh1 43. Rg7 Kd6 44. Kg8 1-0